| 000 | 00315nam a2200097Ia 4500 | ||
|---|---|---|---|
| 082 | _aJ 623.8257 MALL | ||
| 245 | 0 | _aSubmarine : [discover the secret underwater world of submarines and submersibles] | |
| 100 |
_a MALLARD, Neil London, 2003 _969366 |
||
| 942 | _cBK | ||
| 008 | 210817s9999 xx 000 0 und d | ||
| 999 |
_c224139 _d224138 |
||